|
|
|
|
| LEADER |
03261nam a2200565 4500 |
| 001 |
978-3-030-22368-7 |
| 003 |
DE-He213 |
| 005 |
20191025231419.0 |
| 007 |
cr nn 008mamaa |
| 008 |
190604s2019 gw | s |||| 0|eng d |
| 020 |
|
|
|a 9783030223687
|9 978-3-030-22368-7
|
| 024 |
7 |
|
|a 10.1007/978-3-030-22368-7
|2 doi
|
| 040 |
|
|
|d GrThAP
|
| 050 |
|
4 |
|a TA1630-1650
|
| 072 |
|
7 |
|a UYT
|2 bicssc
|
| 072 |
|
7 |
|a COM012000
|2 bisacsh
|
| 072 |
|
7 |
|a UYT
|2 thema
|
| 072 |
|
7 |
|a UYQV
|2 thema
|
| 082 |
0 |
4 |
|a 006.6
|2 23
|
| 082 |
0 |
4 |
|a 006.37
|2 23
|
| 245 |
1 |
0 |
|a Scale Space and Variational Methods in Computer Vision
|h [electronic resource] :
|b 7th International Conference, SSVM 2019, Hofgeismar, Germany, June 30 - July 4, 2019, Proceedings /
|c edited by Jan Lellmann, Martin Burger, Jan Modersitzki.
|
| 250 |
|
|
|a 1st ed. 2019.
|
| 264 |
|
1 |
|a Cham :
|b Springer International Publishing :
|b Imprint: Springer,
|c 2019.
|
| 300 |
|
|
|a XVII, 574 p. 302 illus., 153 illus. in color.
|b online resource.
|
| 336 |
|
|
|a text
|b txt
|2 rdacontent
|
| 337 |
|
|
|a computer
|b c
|2 rdamedia
|
| 338 |
|
|
|a online resource
|b cr
|2 rdacarrier
|
| 347 |
|
|
|a text file
|b PDF
|2 rda
|
| 490 |
1 |
|
|a Image Processing, Computer Vision, Pattern Recognition, and Graphics ;
|v 11603
|
| 520 |
|
|
|a This book constitutes the proceedings of the 7th International Conference on Scale Space and Variational Methods in Computer Vision, SSVM 2019, held in Hofgeismar, Germany, in June/July 2019. The 44 papers included in this volume were carefully reviewed and selected for inclusion in this book. They were organized in topical sections named: 3D vision and feature analysis; inpainting, interpolation and compression; inverse problems in imaging; optimization methods in imaging; PDEs and level-set methods; registration and reconstruction; scale-space methods; segmentation and labeling; and variational methods. .
|
| 650 |
|
0 |
|a Optical data processing.
|
| 650 |
|
0 |
|a Numerical analysis.
|
| 650 |
|
0 |
|a Computer science-Mathematics.
|
| 650 |
|
0 |
|a Artificial intelligence.
|
| 650 |
1 |
4 |
|a Image Processing and Computer Vision.
|0 http://scigraph.springernature.com/things/product-market-codes/I22021
|
| 650 |
2 |
4 |
|a Numeric Computing.
|0 http://scigraph.springernature.com/things/product-market-codes/I1701X
|
| 650 |
2 |
4 |
|a Math Applications in Computer Science.
|0 http://scigraph.springernature.com/things/product-market-codes/I17044
|
| 650 |
2 |
4 |
|a Artificial Intelligence.
|0 http://scigraph.springernature.com/things/product-market-codes/I21000
|
| 700 |
1 |
|
|a Lellmann, Jan.
|e editor.
|0 (orcid)0000-0002-5243-0331
|1 https://orcid.org/0000-0002-5243-0331
|4 edt
|4 http://id.loc.gov/vocabulary/relators/edt
|
| 700 |
1 |
|
|a Burger, Martin.
|e editor.
|4 edt
|4 http://id.loc.gov/vocabulary/relators/edt
|
| 700 |
1 |
|
|a Modersitzki, Jan.
|e editor.
|4 edt
|4 http://id.loc.gov/vocabulary/relators/edt
|
| 710 |
2 |
|
|a SpringerLink (Online service)
|
| 773 |
0 |
|
|t Springer eBooks
|
| 776 |
0 |
8 |
|i Printed edition:
|z 9783030223670
|
| 776 |
0 |
8 |
|i Printed edition:
|z 9783030223694
|
| 830 |
|
0 |
|a Image Processing, Computer Vision, Pattern Recognition, and Graphics ;
|v 11603
|
| 856 |
4 |
0 |
|u https://doi.org/10.1007/978-3-030-22368-7
|z Full Text via HEAL-Link
|
| 912 |
|
|
|a ZDB-2-SCS
|
| 912 |
|
|
|a ZDB-2-LNC
|
| 950 |
|
|
|a Computer Science (Springer-11645)
|